| 000 | 00729nam a2200265Ia 4500 | ||
|---|---|---|---|
| 008 | 220216s9999 xx 000 0 und d | ||
| 100 | _aWard A A | ||
| 245 | 0 | _aDieletric behaviour of silica filled vinyl solution-SBR in the presence of silane coupling agent | |
| 260 |
_bKautschuk Gummi Kunststoffe _c2006 |
||
| 300 | _a654-658 | ||
| 650 | _aDielectric loss | ||
| 650 | _aDielectric relaxation | ||
| 650 | _aPermittivity | ||
| 650 | _aSilane coupling agent | ||
| 650 | _aSilica | ||
| 650 | _aStyrene butadiene rubber | ||
| 700 | _aBishai A M | ||
| 700 | _aHanna F F | ||
| 700 | _aHerminghaus S | ||
| 700 | _aMansour A A | ||
| 700 | _aStoll B | ||
| 700 | _avon Soden W | ||
| 700 | _aYehia A A | ||
| 942 | _cJS | ||
| 999 |
_c57169 _d57169 |
||